[Event "HUN-chT2 Szechenyi 1011"]
[Site "Hungary"]
[Date "2010.11.07"]
[Round "5.4"]
[White "Remete, Zsuzsa"]
[Black "Zamodics, Ferenc"]
[Result "1-0"]
[WhiteElo "2100"]
[BlackElo "1920"]
[PlyCount "173"]
[EventDate "2010.09.12"]
[EventType "team-tourn"]
[EventRounds "11"]
[EventCountry "HUN"]
[SourceTitle "EXT 2012"]
[Source "ChessBase"]
[SourceDate "2011.11.24"]
[SourceVersion "1"]
[SourceVersionDate "2011.11.24"]
[SourceQuality "1"]
[WhiteTeam "HVSE Infraplan"]
[BlackTeam "Alsoszolnok"]
[WhiteTeamCountry "HUN"]
[BlackTeamCountry "HUN"]

1. e4 c5 2. Nf3 e6 3. d4 cxd4 4. Nxd4 a6 5. c4 Nc6 6. Be3 Qc7 7. Nc3 Nf6 8. a3 d6 9. Rc1 Bd7 10. f3 Be7 11. Qd2 0-0 12. Nd5 exd5 13. cxd5 Rfc8 14. dxc6 bxc6 15. Bd3 Qb7 16. b4 c5 17. Ne2 cxb4 18. Rb1 b3 19. Nc1 Be6 20. 0-0 a5 21. a4 Bc4 22. Bxc4 Rxc4 23. Nxb3 Qa6 24. Nd4 Rxa4 25. Nf5 Bf8 26. Rb6 Qc4 27. Nxd6 Bxd6 28. Qxd6 Rb4 29. Rc6 Qa2 30. Ra6 Rab8 31. Bd2 Rb1 32. Rxa5 Rxf1+ 33. Kxf1 Qc4+ 34. Kf2 Rc8 35. Bb4 Qc2+ 36. Qd2 Qb3 37. Ra3 Qb1 38. Rd3 h6 39. Bc3 Kh7 40. Rd8 Qb6+ 41. Rd4 Ra8 42. Qe3 Ra2+ 43. Rd2 Qxe3+ 44. Kxe3 Rxd2 45. Kxd2 Nd7 46. Ke3 g5 47. g3 Kg6 48. h3 f6 49. Kd4 Ne5 50. f4 gxf4 51. gxf4 Nf3+ 52. Kd5 Kf7 53. f5 h5 54. Bd4 Ng5 55. h4 Nf3 56. Bf2 Ne5 57. Bg3 Ng4 58. Kd6 Ne3 59. Kd7 Ng4 60. Kd6 Ne3 61. Be1 Ng2 62. Bg3 Ne3 63. Kc5 Nf1 64. Bf2 Nh2 65. Kd4 Nf3+ 66. Ke3 Ne5 67. Be1 Nc4+ 68. Kf4 Ne5 69. Bc3 Nd3+ 70. Ke3 Nc5 71. e5 fxe5 72. Bxe5 Nd7 73. Bd4 Nf8 74. Kf4 Nh7 75. Bc3 Ke7 76. Bg7 Kf7 77. Bh6 Kf6 78. Bg5+ Kf7 79. Ke5 Nf8 80. f6 Nd7+ 81. Kf5 Nf8 82. Bh6 Ne6 83. Be3 Nf8 84. Bd4 Ne6 85. Be5 Nf8 86. Bd6 Nh7 87. Be7 1-0

[Event "HUN-chT2 Szechenyi 1011"]
[Site "Hungary"]
[Date "2010.10.24"]
[Round "4.6"]
[White "Zamodics, Ferenc"]
[Black "Nagy, Tibor2"]
[Result "1-0"]
[WhiteElo "1920"]
[BlackElo "1814"]
[PlyCount "109"]
[EventDate "2010.09.12"]
[EventType "team-tourn"]
[EventRounds "11"]
[EventCountry "HUN"]
[SourceTitle "EXT 2012"]
[Source "ChessBase"]
[SourceDate "2011.11.24"]
[SourceVersion "1"]
[SourceVersionDate "2011.11.24"]
[SourceQuality "1"]
[WhiteTeam "Alsoszolnok"]
[BlackTeam "FKMK"]
[WhiteTeamCountry "HUN"]
[BlackTeamCountry "HUN"]

1. d4 d5 2. c4 Nf6 3. Nf3 e6 4. e3 Be7 5. Nbd2 0-0 6. Qc2 Nbd7 7. b3 b6 8. Bb2 Bb7 9. Bd3 Re8 10. 0-0 Nf8 11. Rad1 Rc8 12. Rfe1 c5 13. dxc5 Rxc5 14. Qb1 dxc4 15. Bxc4 Qa8 16. Bd4 Rh5 17. Be2 Qb8 18. Qb2 Ng6 19. h3 e5 20. Bc3 Bf8 21. Nh2 Rh6 22. Ng4 Nxg4 23. Bxg4 f6 24. Bf3 Nh4 25. Bxb7 Qxb7 26. f3 Rg6 27. Re2 Nxf3+ 28. Nxf3 Qxf3 29. Kh1 Qe4 30. Qd2 Rg3 31. Kh2 Qg6 32. Qd7 Re7 33. Qd5+ Kh8 34. Bb4 Rf7 35. Qa8 Kg8 36. Rd8 h5 37. Rxf8+ Rxf8 38. Qxf8+ Kh7 39. Qd6 h4 40. Be1 Qh5 41. Qd3+ e4 42. Qxe4+ f5 43. Qc2 Rg6 44. Qc4 Rh6 45. Rf2 Qg5 46. Qf4 Qe7 47. Qxf5+ Kg8 48. Qd5+ Kh7 49. e4 Rg6 50. Rf5 Qc7+ 51. e5 Qc1 52. Rh5+ Rh6 53. Rxh6+ Qxh6 54. Qe4+ Kh8 55. e6 1-0

[Event "HUN-chT2 Szechenyi 1011"]
[Site "Hungary"]
[Date "2010.10.10"]
[Round "3.6"]
[White "Nemeth, Jozsef"]
[Black "Zamodics, Ferenc"]
[Result "1-0"]
[WhiteElo "2083"]
[BlackElo "1920"]
[PlyCount "105"]
[EventDate "2010.09.12"]
[EventType "team-tourn"]
[EventRounds "11"]
[EventCountry "HUN"]
[SourceTitle "EXT 2012"]
[Source "ChessBase"]
[SourceDate "2011.11.24"]
[SourceVersion "1"]
[SourceVersionDate "2011.11.24"]
[SourceQuality "1"]
[WhiteTeam "Zala Volan"]
[BlackTeam "Alsoszolnok"]
[WhiteTeamCountry "HUN"]
[BlackTeamCountry "HUN"]

1. d4 d5 2. c4 c6 3. Nf3 Nf6 4. Nc3 e6 5. Bg5 Be7 6. e3 0-0 7. Qc2 Nbd7 8. Bd3 dxc4 9. Bxc4 b5 10. Bd3 Bb7 11. 0-0 a6 12. Ne4 h6 13. Bh4 Rc8 14. Nc5 Nxc5 15. dxc5 a5 16. a3 a4 17. Rfd1 Nd7 18. Bxe7 Qxe7 19. Rac1 Rc7 20. Qc3 Rd8 21. Rd2 Nf6 22. Rcd1 Kf8 23. e4 Rcd7 24. Ne5 Rd4 25. f4 Qc7 26. g3 Ke7 27. Qc2 Qa5 28. Nf3 R4d7 29. h3 Ba8 30. Kf2 g6 31. Ke3 Rb8 32. Ne5 Rdd8 33. g4 Qc7 34. Qc3 Rg8 35. Be2 Rbd8 36. Rd6 Qc8 37. Qd4 g5 38. Rxd8 Rxd8 39. Qxd8+ Qxd8 40. Rxd8 Kxd8 41. Nxf7+ Ke7 42. Nxh6 gxf4+ 43. Kxf4 Nd7 44. g5 Nxc5 45. h4 Nd7 46. Bd3 Bb7 47. Ng4 Kf8 48. h5 Bc8 49. h6 Nc5 50. Ne5 Bd7 51. Be2 Be8 52. g6 Kg8 53. Bh5 1-0

[Event "HUN-chT2 Szechenyi 1011"]
[Site "Hungary"]
[Date "2010.09.26"]
[Round "2.6"]
[White "Zamodics, Ferenc"]
[Black "Hagymasi, Janos"]
[Result "0-1"]
[WhiteElo "1920"]
[BlackElo "2018"]
[PlyCount "82"]
[EventDate "2010.09.12"]
[EventType "team-tourn"]
[EventRounds "11"]
[EventCountry "HUN"]
[SourceTitle "EXT 2012"]
[Source "ChessBase"]
[SourceDate "2011.11.24"]
[SourceVersion "1"]
[SourceVersionDate "2011.11.24"]
[SourceQuality "1"]
[WhiteTeam "Alsoszolnok"]
[BlackTeam "Veszprem"]
[WhiteTeamCountry "HUN"]
[BlackTeamCountry "HUN"]

1. d4 Nf6 2. c4 e6 3. Nf3 b6 4. e3 Bb7 5. Nbd2 Be7 6. Be2 0-0 7. 0-0 Ne4 8. Nxe4 Bxe4 9. b3 d6 10. Bb2 Nd7 11. Bd3 f5 12. Rc1 Qe8 13. Bc2 Qg6 14. Bxe4 fxe4 15. Nd2 Rf7 16. Qc2 Nf6 17. f3 Qh6 18. f4 Ng4 19. h3 Nxe3 20. Qxe4 Nxf1 21. Rxf1 Raf8 22. Qb7 Bd8 23. Nf3 a5 24. Bc1 Qg6 25. c5 Qc2 26. cxb6 cxb6 27. Qa6 Qxa2 28. Qc4 d5 29. Qb5 Bc7 30. Ng5 Re7 31. Nxe6 Rxe6 32. Qxd5 Qe2 33. f5 Rff6 34. Bg5 Qe4 35. Qb5 Qc6 36. Qd3 Re7 37. Rc1 Qd6 38. Qc4+ Kh8 39. Qd3 Qh2+ 40. Kf2 h6 41. Bd2 Ref7 0-1

[Event "HUN-chT2 Szechenyi 1011"]
[Site "Hungary"]
[Date "2010.09.12"]
[Round "1.5"]
[White "Zamodics, Ferenc"]
[Black "Finy, Mark"]
[Result "1-0"]
[WhiteElo "1920"]
[BlackElo "1891"]
[PlyCount "135"]
[EventDate "2010.09.12"]
[EventType "team-tourn"]
[EventRounds "11"]
[EventCountry "HUN"]
[SourceTitle "EXT 2012"]
[Source "ChessBase"]
[SourceDate "2011.11.24"]
[SourceVersion "1"]
[SourceVersionDate "2011.11.24"]
[SourceQuality "1"]
[WhiteTeam "Alsoszolnok"]
[BlackTeam "Arboretum"]
[WhiteTeamCountry "HUN"]
[BlackTeamCountry "HUN"]

1. d4 d5 2. c4 e6 3. Nf3 Nf6 4. e3 Be7 5. Nbd2 b6 6. a3 Bb7 7. Be2 dxc4 8. Bxc4 Nbd7 9. 0-0 0-0 10. b3 Re8 11. Bb2 Bd6 12. Qe2 a6 13. Rfd1 Qe7 14. Bd3 e5 15. dxe5 Nxe5 16. Nxe5 Bxe5 17. Bxe5 Qxe5 18. Nf3 Qe7 19. Qc2 Rac8 20. Nd4 c5 21. Nf5 Qc7 22. Nd6 Red8 23. Nxc8 Bxc8 24. Bf5 Re8 25. Rd2 Qe5 26. Bxh7+ Nxh7 27. Rad1 Bg4 28. Rd5 Qf6 29. f3 Be6 30. Rd6 Rb8 31. Qd3 Nf8 32. Qxa6 Qb2 33. Qa7 Re8 34. Qxb6 Qxa3 35. h3 Qxb3 36. Qxc5 Rc8 37. Qd4 Rc4 38. Qe5 Rc3 39. Rd8 Qa3 40. e4 Qc5+ 41. Qxc5 Rxc5 42. Rb1 Rc8 43. Rb8 Rxb8 44. Rxb8 g6 45. h4 Kg7 46. g4 Nd7 47. Rb5 Nf6 48. Kg2 Bc4 49. Ra5 Be6 50. Kg3 Kh6 51. g5+ Kg7 52. gxf6+ Kxf6 53. f4 Bd7 54. h5 gxh5 55. Rxh5 Kg6 56. Ra5 Kf6 57. Kh4 Be6 58. Ra6 Ke7 59. e5 Bc4 60. Rb6 Bd3 61. Kg5 Bc4 62. f5 Bd5 63. Ra6 Bc4 64. Ra7+ Ke8 65. Kf6 Bd5 66. Re7+ Kf8 67. Rd7 Bc6 68. Rxf7+ 1-0

[Event "HUN-chT2 Charousek 0910"]
[Site "Hungary"]
[Date "2010.04.11"]
[Round "9"]
[White "Zamodics, Ferenc"]
[Black "Feher, Gyula"]
[Result "0-1"]
[WhiteElo "1918"]
[BlackElo "2344"]
[PlyCount "78"]
[EventDate "2009.11.08"]
[EventType "team-tourn"]
[EventRounds "11"]
[EventCountry "HUN"]
[SourceTitle "EXT 2011"]
[Source "ChessBase"]
[SourceDate "2010.11.26"]
[SourceVersion "1"]
[SourceVersionDate "2010.11.26"]
[SourceQuality "1"]
[WhiteTeam "Alsoszolnok"]
[BlackTeam "Taban Spartacus"]
[WhiteTeamCountry "HUN"]
[BlackTeamCountry "HUN"]

1. d4 Nf6 2. c4 g6 3. Nc3 d5 4. e3 Bg7 5. Nf3 0-0 6. Be2 c5 7. dxc5 dxc4 8. Qxd8 Rxd8 9. Bxc4 Nbd7 10. 0-0 Nxc5 11. Rd1 Rxd1+ 12. Nxd1 Nfe4 13. Nd4 Bd7 14. f3 Nd6 15. Bf1 e5 16. Ne2 e4 17. fxe4 Ndxe4 18. Nd4 Ne6 19. Nxe6 Bxe6 20. Nf2 Nxf2 21. Kxf2 Bf5 22. Be2 Rc8 23. Bd1 b5 24. a3 Be4 25. g3 h5 26. Ke1 Rc5 27. Kd2 Bf6 28. Ra2 Rf5 29. Ke1 h4 30. g4 Rc5 31. Bd2 Be5 32. h3 Bg2 33. a4 Bxh3 34. axb5 Bg3+ 35. Ke2 Bxg4+ 36. Kf1 Bxd1 37. Rxa7 Bf3 38. Bc3 h3 39. Rd7 Rxc3 0-1